| 000 | 01169nam a22002297a 4500 | ||
|---|---|---|---|
| 999 |
_c3723 _d3723 |
||
| 003 | AR-CdUCM | ||
| 008 | 190307b ||||| |||| 00| 0 spa d | ||
| 040 |
_aMUNICIPALIDAD PROVINCIAL DEL CUSCO _cBIBLIOTECA MUNICIPAL DEL CUSCO |
||
| 082 |
_a343.332 / _bR34 |
||
| 100 |
_aComisión Ejecutiva del Poder Judicial (Perú) _98241 |
||
| 245 |
_aReforma judicial : _bevaluación y perspectivas de desarrollo / |
||
| 260 |
_aLima : _c1998. _bMurakami, |
||
| 300 |
_a209 páginas ; _c24 cm. |
||
| 505 | _aContenido: Marco conceptual sobre reforma del poder judicial: evaluación y persperctivas de desarrollo -- Reforma judicial: evaluación y perspectivas de desarrollo. Síntesis de la exposición de cada presidente de Corte Superior de Justicia de la República -- Apreciación final del evento reforma del poder judicial: evaluación y perspectivas de desarrollo. Pronunciamiento de presidentes de corte. Objetivos del evento. Programa. | ||
| 650 |
_aPoder judicial-Perú _98570 |
||
| 650 |
_aReorganización _912054 |
||
| 650 |
_aResponsabilidad _912055 |
||
| 650 |
_aFuncionarios judiciales _912056 |
||
| 650 |
_aJusticia _97448 |
||
| 942 |
_2ddc _cLIBROS |
||
| 945 | _azta | ||